Score 0/50 Timer 10:00
0 Plays Today
Highest Point State % Correct
Mount McKinley (Denali)Alaska
92.9%
Mauna KeaHawaii
88.1%
Mount WhitneyCalifornia
78.6%
Britton HillFlorida
76.2%
Mount RainierWashington
66.7%
Ebright AzimuthDelaware
64.3%
Mount WashingtonNew Hampshire
64.3%
Hoosier Hill PointIndiana
61.9%
Hawkeye PointIowa
61.9%
Mount HoodOregon
61.9%
Humphreys PeakArizona
57.1%
Jerimoth HillRhode Island
57.1%
Guadalupe PeakTexas
57.1%
Mount ElbertColorado
54.8%
Borah PeakIdaho
52.4%
Driskill MountainLouisiana
50%
High PointNew Jersey
50%
Wheeler PeakNew Mexico
50%
Mount MitchellNorth Carolina
50%
Gannett PeakWyoming
50%
Mount SunflowerKansas
47.6%
Granite PeakMontana
47.6%
Boundary PeakNevada
47.6%
Kings PeakUtah
47.6%
Black MesaOklahoma
45.2%
Highest Point State % Correct
Cheaha MountainAlabama
42.9%
Mount Frissell-Southern SlopeConnecticut
42.9%
Mount KatahdinMaine
42.9%
Mount MarcyNew York
42.9%
Charles MoundIllinois
40.5%
Mount GreylockMassachusetts
40.5%
White ButteNorth Dakota
40.5%
Harney PeakSouth Dakota
40.5%
Spruce KnobWest Virginia
40.5%
Mount ArvonMichigan
38.1%
Woodall MountainMississippi
38.1%
Taum Sauk MountainMissouri
38.1%
Clingmans DomeTennessee
38.1%
Mount MansfieldVermont
38.1%
Magazine MountainArkansas
35.7%
Basstown BaldGeorgia
35.7%
Black MountainKentucky
35.7%
Campbell HillOhio
35.7%
Sassafras MountainSouth Carolina
35.7%
Mount RogersVirginia
35.7%
Panorama PointNebraska
33.3%
Mount DavisPennsylvania
33.3%
Backbone MountainMaryland
31%
Eagle MountainMinnesota
31%
Timms HillWisconsin
31%

You're not logged in!

Compare scores with friends on all Sporcle quizzes.
OR
Log In

From the Vault

Opening Lyrics V

by HenryFieldstone

Some songs open with something akin to poetry, others talk about that junk in your trunk.
Remove Ads.
Support Sporcle.
Get the best of Sporcle when you Go Orange. This ad-free experience offers more features, more stats, and more fun while also helping to support Sporcle. Thank you for becoming a member.

Show Comments

Extras

Top Quizzes Today


Score Distribution

Your Account Isn't Verified!

In order to create a playlist on Sporcle, you need to verify the email address you used during registration. Go to your Sporcle Settings to finish the process.

Report this User

Report this user for behavior that violates our Community Guidelines.

Details: